| 000 | 00798nam a22002177a 4500 | ||
|---|---|---|---|
| 999 |
_c4408 _d4408 |
||
| 003 | AR-CdUCM | ||
| 008 | 190308b ||||| |||| 00| 0 spa d | ||
| 040 |
_aMUNICIPALIDAD PROVINCIAL DEL CUSCO _cBIBLIOTECA MUNICIPAL DEL CUSCO |
||
| 082 |
_a335 _bC18 |
||
| 100 |
_aConsuegra Higgins, José _94495 |
||
| 245 | _aLas ideas económicas de Simón Bolivar / | ||
| 260 |
_aBogotá : _bPlaza & Janes, _c1982 |
||
| 300 |
_a156 páginas ; _c19 cm. |
||
| 505 | _aContenido: La política económica -- La ideología de América Latina -- El hambre y el subdesarrollo -- Concepto sobre inflación -- El Centralismo ... | ||
| 650 |
_aDualismo Social _913895 |
||
| 650 |
_aSocialismo _91037 |
||
| 650 |
_aComercio Exterior _913896 |
||
| 650 |
_aNeoliberalismo _913897 |
||
| 942 |
_2ddc _cLIBROS |
||
| 945 | _araen | ||